000 00747nam a2200253Ia 4500
003 OSt
005 20220927110420.0
006 a|||||r|||| 00| 0
007 ta
008 220926b |||||||| |||| 00| 0 eng d
024 _a76194
037 _cReports
040 _aRTL
_cRTL
_beng
041 _2eng
_aeng
082 _a"X723.25233.N4t, H7"
110 _a"Uttar Paradesh, Government Of ..."
_9378099
245 0 _aFinal report of Jhansi District
260 _aAllahabad
_bSupted Priniting and Stationery India
_c1947
300 _a50p.
_ccm.
650 _aLand Taxation
700 _a"Uttar Paradesh, Government Of ..."
_9378100
942 _h"X723.25233.N4t, H7"
_cCC
999 _c696612
_d696612